TV Shows That Jumped the Shark Quiz Stats

 Plays Quiz Updated Nov 8, 2017

Challenge
Share
Tweet
Embed
Score 0/22 Timer 05:00
6 Plays Today
% Correct
Friends
97.2%
Happy Days
94.3%
Smallville
92.6%
The X-Files
90.2%
The Office
85.6%
Star Trek: Enterprise
81.6%
The Dukes of Hazzard
81.5%
Desperate Housewives
80.4%
The Simpsons
79.9%
Heroes
77.4%
Lost
71.8%
% Correct
Roseanne
70.1%
The Brady Bunch
67%
The Flintstones
66.6%
Grey's Anatomy
65%
Dallas
58.2%
The Cosby Show
55.8%
ER
47.1%
The OC
47.1%
Weeds
39.6%
Dexter
39.3%
Dynasty
33%

You're not logged in!

Compare scores with friends on all Sporcle quizzes.
OR
Log In

You Might Also Like...

Show Comments

Extras

Top Quizzes Today


Score Distribution

Your Account Isn't Verified!

In order to create a playlist on Sporcle, you need to verify the email address you used during registration. Go to your Sporcle Settings to finish the process.

Report this User

Report this user for behavior that violates our Community Guidelines.

Details: